Un matrimonio desigual (el egoísmo) (Record no. 162131)

MARC details
000 -LEADER
campo de control de longitud fija 00881nam a22002415i 4500
001 - NÚMERO DE CONTROL
campo de control 162131
003 - IDENTIFICADOR DE NÚMERO DE CONTROL
campo de control ES-MaACL
005 - FECHA Y HORA DE LA ÚLTIMA TRANSACCIÓN
campo de control 20230906212433.0
008 - DATOS DE LONGITUD FIJA--INFORMACIÓN GENERAL
campo de control de longitud fija 041104q18681879sp |||| | spa d
040 ## - FUENTE DE CATALOGACIÓN
Centro catalogador/agencia de origen CAM
Lengua de catalogación spa
Centro/agencia transcriptor CAM
080 ## - NÚMERO DE LA CLASIFICACIÓN DECIMAL UNIVERSAL
Número de la Clasificación Decimal Universal 821.133.1-31"17"
100 1# - ENTRADA PRINCIPAL--NOMBRE DE PERSONA
Nombre de persona Pigault-Lebrun (
Fechas asociadas al nombre 1753-1835)
9 (RLIN) 131157
245 13 - MENCIÓN DEL TÍTULO
Título Un matrimonio desigual (el egoísmo)
Resto del título : novela festiva /
Mención de responsabilidad, etc. Pigault-Lebrun ; traducida por Eduardo Quilez.
260 ## - PUBLICACIÓN, DISTRIBUCIÓN, ETC.
Lugar de publicación, distribución, etc. Madrid :
Nombre del editor, distribuidor, etc. Urbano Manini, editor,
Fecha de publicación, distribución, etc. [s.a.] (
Fabricante Tipografía Gutenberg)
300 ## - DESCRIPCIÓN FÍSICA
Extensión 240 p. ;
Dimensiones 18 cm.
490 1# - MENCIÓN DE SERIE
Mención de serie Biblioteca de lujo
596 ## - NOTA AL PIE DE IMPRENTA
NOTA AL PIE DE IMPRENTA Urbano Manini parece que ejerce ca. 1868-1879.
700 0# - ENTRADA AGREGADA--NOMBRE PERSONAL
Nombre de persona Quílez, Eduardo.
9 (RLIN) 94626
830 0# - PUNTO DE ACCESO ADICIONAL DE SERIE-TÍTULO UNIFORME
Título uniforme Biblioteca de lujo
9 (RLIN) 188378
852 ## - LOCALIZACIÓN
Ubicación ES-MaACL
Número de control de estantería D-3565
Nota libre -- Rúst.
-- -- Legado de Modesto de la Fuente
852 ## - LOCALIZACIÓN
Ubicación ES-MaACL
Número de control de estantería F-9087
Nota libre -- Enc. hol.
Holdings
Estatus retirado Estado de pérdida Estado de daño No para préstamo Biblioteca de origen Biblioteca actual Ubicación en estantería Fecha de adquisición Fuente de adquisición Total de préstamos Signatura topográfica completa Código de barras Visto por última vez Precio de reemplazo Tipo de ítem Koha
        Biblioteca del Ateneo de Madrid Biblioteca del Ateneo de Madrid Sala Pecera Planta 2 17/01/2008     F-9087 1169850 23/02/2023 23/02/2023 Libro impreso
        Biblioteca del Ateneo de Madrid Biblioteca del Ateneo de Madrid Sala Valle Inclán 17/01/2008     D-3565 901169849 23/02/2023 23/02/2023 Libro impreso